|
|
|
|
| LEADER |
00860nab a2200253 i 4500 |
| 001 |
publ16102 |
| 005 |
20260506130645.0 |
| 008 |
190711s2019 hu o 000 eng d |
| 022 |
|
|
|a 1932-6203
|
| 024 |
7 |
|
|a 10.1371/journal.pone.0216094
|2 doi
|
| 024 |
7 |
|
|a 30645853
|2 mtmt
|
| 040 |
|
|
|a SZTE Publicatio Repozitórium
|b hun
|
| 041 |
|
|
|a eng
|
| 100 |
1 |
|
|a Bokor Eszter
|
| 245 |
1 |
0 |
|a HMGB proteins are required for sexual development in Aspergillus nidulans
|h [elektronikus dokumentum] /
|c Bokor Eszter
|
| 260 |
|
|
|c 2019
|
| 300 |
|
|
|a 20
|
| 490 |
0 |
|
|a PLOS ONE
|v 14 No. 4
|
| 700 |
0 |
1 |
|a Ámon Judit
|e aut
|
| 700 |
0 |
1 |
|a Keisham Kabichandra
|e aut
|
| 700 |
0 |
1 |
|a Karácsony Zoltán
|e aut
|
| 700 |
0 |
1 |
|a Vágvölgyi Csaba
|e aut
|
| 700 |
0 |
2 |
|a Kozma-Bognárné Hamari Zsuzsanna
|e aut
|
| 856 |
4 |
0 |
|u http://publicatio.bibl.u-szeged.hu/16102/1/journal.pone.0216094.pdf
|z Dokumentum-elérés
|